Instrument rated Christian. (Record no. 12635)

000 -LEADER
fixed length control field 00594nam a2200193 a 4500
001 - CONTROL NUMBER
control field :::00010444$&:&@@
003 - CONTROL NUMBER IDENTIFIER
control field OkBaRHE
005 - DATE AND TIME OF LATEST TRANSACTION
control field 20000607103359.0
008 - FIXED-LENGTH DATA ELEMENTS--GENERAL INFORMATION
fixed length control field s1980 j 000 0 eng u
040 ## - CATALOGING SOURCE
Transcribing agency
100 1# - MAIN ENTRY--PERSONAL NAME
Personal name Hicks, Roy H. and Hicks, Margaret.
245 10 - TITLE STATEMENT
Title Instrument rated Christian.
260 ## - PUBLICATION, DISTRIBUTION, ETC. (IMPRINT)
Place of publication, distribution, etc Tulsa, OK., :
Name of publisher, distributor, etc Harrison House
Date of publication, distribution, etc c1980
300 ## - PHYSICAL DESCRIPTION
Extent 94 p. ;
Dimensions 20 cm.
650 ## - SUBJECT ADDED ENTRY--TOPICAL TERM
Topical term or geographic name as entry element Christian Life
700 ## - ADDED ENTRY--PERSONAL NAME
Personal name Hicks, Margaret, Joint author.
942 ## - ADDED ENTRY ELEMENTS (KOHA)
Source of classification or shelving scheme
Koha item type Books
Copies
Date acquired Koha item type Permanent Location Shelving location Date last seen Damaged status Full call number Lost status Copy number Barcode Source of classification or shelving scheme Not for loan Withdrawn status Price effective from
2010-04-14BooksRHEMA Bible Training CollegeGeneral Stacks2010-04-14 BV 4501 .H495 110444   2010-04-14